00488nam a2200157Ia 450000500170000000800410001708200130005810000170007124500480008826000370013630000170017350000200019094200060021095200990021699900150031520250509021603.0240331s9999 xx 000 0 und d bTHIa891 aThirumagal,M 0aRathinavelonin siru kathaikal :baaivu nool aColombobMeera Pathippagamc2005 aix, 104 p ., aResearch Book  cL 001040708LaWERCLbWERCLcSSCd2024-03-31l0o 894.811 THIp5524r2024-03-31w2024-03-31yL c4334d4334